| 000 | 00829cad a22002175a 4500 | ||
|---|---|---|---|
| 001 | L149326 | ||
| 008 | 090720s2009 xxk 000 0 eng u | ||
| 035 | _a(Sirsi) u149328 | ||
| 041 | 0 | _aeng | |
| 100 | 1 | _aMahony, Chris | |
| 245 | 0 | 0 |
_aOpportunity NOx _bPhotocatalytic and self-cleaning coatings _h[electronic resource] |
| 260 | _c2010 | ||
| 490 | 4 |
_aThe Journal _bRICS Building Surveying Journal _vMarch/April 2010, 27-29(3) |
|
| 520 | _aDiscusses photocatalytic and self-cleaning coatings and their potential impact on building surveyors. | ||
| 590 | _aKA | ||
| 651 | 4 |
_aUnited Kingdom _y |
|
| 690 | _aBUILT ENVIRONMENT-BUILDING MATERIALS | ||
| 700 | 1 | _aTinkham, Kevin | |
| 856 | 4 | 1 |
_uhttps://www.rics.org/site/scripts/download_info.aspx?downloadID=5880 _zView this item (member-only access) at www.rics.org |
| 942 | _n0 | ||
| 999 |
_c82135 _d82135 |
||